| 000 | 00764nam a2200217Ii 4500 | ||
|---|---|---|---|
| 003 | JO-AjNU | ||
| 008 | 230605s9999||||xx |||||||||||||| ||und|| | ||
| 017 | _a1992/3968 | ||
| 020 | _a977-01-3038-9 | ||
| 040 |
_aJO-AjNU _bara _erda _cJO-AjNU |
||
| 041 | _aara | ||
| 050 | 1 | 4 | _aBP166.1.J39 1992 |
| 100 | 3 |
_aالجزيري، نوران, _eauthor _934680 |
|
| 245 | 0 | 0 | _aقراءة في علم الكلام الغائية عند الأشاعرة |
| 264 | 3 | 1 | _aالقاهرة: الهيئة المصرية العامة للكتاب، 1992 |
| 300 | _a395ص | ||
| 336 |
_atext _btxt _2rdacontent |
||
| 337 |
_aunmediated _bn _2rdamedia |
||
| 338 |
_avolume _bnc _2rdacarrier |
||
| 650 | 4 |
_aالاشاعرة(فرقة اسلامية)- الغائية(فلسفة) _934681 |
|
| 999 |
_aA14244 _c17812 _d17812 |
||